<?xml version="1.0" encoding="UTF-8"?><?xml-stylesheet type="text/xsl" href="static/style.xsl"?><OAI-PMH xmlns="http://www.openarchives.org/OAI/2.0/" xmlns:xsi="http://www.w3.org/2001/XMLSchema-instance" xsi:schemaLocation="http://www.openarchives.org/OAI/2.0/ http://www.openarchives.org/OAI/2.0/OAI-PMH.xsd"><responseDate>2026-04-29T04:08:35Z</responseDate><request verb="GetRecord" identifier="oai:repisalud.isciii.es:20.500.12105/9444" metadataPrefix="marc">https://repisalud.isciii.es/rest/oai/request</request><GetRecord><record><header><identifier>oai:repisalud.isciii.es:20.500.12105/9444</identifier><datestamp>2025-06-19T11:19:41Z</datestamp><setSpec>com_20.500.12105_2052</setSpec><setSpec>com_20.500.12105_2051</setSpec><setSpec>col_20.500.12105_19613</setSpec></header><metadata><record xmlns="http://www.loc.gov/MARC21/slim" xmlns:dcterms="http://purl.org/dc/terms/" xmlns:doc="http://www.lyncode.com/xoai" xmlns:xsi="http://www.w3.org/2001/XMLSchema-instance" xsi:schemaLocation="http://www.loc.gov/MARC21/slim http://www.loc.gov/standards/marcxml/schema/MARC21slim.xsd">
   <leader>00925njm 22002777a 4500</leader>
   <datafield ind2=" " ind1=" " tag="042">
      <subfield code="a">dc</subfield>
   </datafield>
   <datafield ind2=" " ind1=" " tag="720">
      <subfield code="a">Prieto, Leandro</subfield>
      <subfield code="e">author</subfield>
   </datafield>
   <datafield ind2=" " ind1=" " tag="720">
      <subfield code="a">Royo-Bordonada, Miguel Angel</subfield>
      <subfield code="e">author</subfield>
   </datafield>
   <datafield ind2=" " ind1=" " tag="720">
      <subfield code="a">Moya Geromini, Maria Angeles</subfield>
      <subfield code="e">author</subfield>
   </datafield>
   <datafield ind2=" " ind1=" " tag="260">
      <subfield code="c">2015-03</subfield>
   </datafield>
   <datafield ind2=" " ind1=" " tag="520">
      <subfield code="a">OBJETIVES: To describe the information search behaviour, comprehension level, and use of nutritional labeling by consumers according to sociodemographic characteristics. STUDY DESIGN: Cross-sectional study of consumers recruited in five stores of the main supermarket chains in Madrid: a random sample of 299 consumers (response rate: 80.6%). METHODS: Interviewers collected information about the information search behaviour, comprehension, and use of nutritional labeling using a questionnaire designed for this purpose. Analyses examined the frequency of the variables of interest. Differences were tested using the Chi-square statistic. RESULTS: In this sample, 38.8% of consumers regularly read the nutritional labeling before making a purchase (45% of women vs 30% in men; P = 0.03) and the most common reason reported was choosing healthier products (81.3%). The proportion of people who were interested in additives and fats was the higher, (55% and 50%, respectively). Lack of time (38.9%), lack of interest (27.1%), and reading difficulties (18.1%) were the most common reasons given for not reading labels. Over half (52.4%) of consumers reported completely understanding the nutritional information on labels and 20.5% reported using such information for dietary planning. CONCLUSIONS: Reported information search behaviour, comprehension, and use of nutritional labeling were relatively high among consumers of the study, and their main goal was picking healthier products. However, not only are there still barriers to reading the information, but also the information most relevant to health is not always read or understood. Thus, interventions to increase nutritional labeling comprehension and use are required in order to facilitate the making of healthier choices by consumers.</subfield>
   </datafield>
   <datafield ind1="8" ind2=" " tag="024">
      <subfield code="a">Public Health. 2015 Mar;129(3):226-36.</subfield>
   </datafield>
   <datafield ind1="8" ind2=" " tag="024">
      <subfield code="a">0033-3506</subfield>
   </datafield>
   <datafield ind1="8" ind2=" " tag="024">
      <subfield code="a">http://hdl.handle.net/20.500.12105/9444</subfield>
   </datafield>
   <datafield ind1="8" ind2=" " tag="024">
      <subfield code="a">25731130</subfield>
   </datafield>
   <datafield ind1="8" ind2=" " tag="024">
      <subfield code="a">10.1016/j.puhe.2014.12.003</subfield>
   </datafield>
   <datafield ind1="8" ind2=" " tag="024">
      <subfield code="a">1476-5616</subfield>
   </datafield>
   <datafield ind1="8" ind2=" " tag="024">
      <subfield code="a">Public health</subfield>
   </datafield>
   <datafield tag="653" ind2=" " ind1=" ">
      <subfield code="a">Comprehension of food labeling</subfield>
   </datafield>
   <datafield tag="653" ind2=" " ind1=" ">
      <subfield code="a">Consumers</subfield>
   </datafield>
   <datafield tag="653" ind2=" " ind1=" ">
      <subfield code="a">Food labels</subfield>
   </datafield>
   <datafield tag="653" ind2=" " ind1=" ">
      <subfield code="a">Interest in food labeling</subfield>
   </datafield>
   <datafield tag="653" ind2=" " ind1=" ">
      <subfield code="a">Nutrition labeling</subfield>
   </datafield>
   <datafield ind2="0" ind1="0" tag="245">
      <subfield code="a">Information search behaviour, understanding and use of nutrition labeling by residents of Madrid, Spain</subfield>
   </datafield>
</record></metadata></record></GetRecord></OAI-PMH>